Beata Oravcová s politikmi sa nekamarátim

Bibliographic Details
Main Authors: Bella, Vitalia, 1979- (Author, Interviewer), Oravcová, Beata 1976- (Author)
Format: Article
Language:Slovak
Subjects:

MARC

LEADER 00000nab a2200000 ar4500
001 vtls008688940
003 SK-MaSNL
005 20260304011857.0
008 060406c2006 xo wr|p|||||||000 b|slo
015 |a SNBRB2006/04  |2 snkbucl 
038 |a SNKBUCL 
040 |a SNKBUCL  |b slo  |c SNKBUCL  |e AACR2 
041 0 |a slo 
044 |a xo  |c SK 
080 |a 070-051  |2 2001 
080 |a 7.097.071.2  |2 2001 
080 |a 929 Oravcová, Beata  |2 2001 
100 1 |a Bella, Vitalia,  |d 1979-  |4 aut  |4 ivr  |9 218455 
245 1 0 |a Beata Oravcová  |b s politikmi sa nekamarátim  |c rozhovor: Vitalia Bella 
300 |b Fotogr. 
600 1 7 |a Oravcová, Beata,  |d 1976-   |2 snkbucl 
610 2 7 |a Televízia TA3 (Bratislava, Slovensko)  |2 snkbucl  |9 839769 
650 0 7 |a Cena Eurotelevízie  |2 snkbucl  |9 1291113 
700 1 |a Oravcová, Beata  |d 1976-  |4 aut  |4 ive 
773 0 |t Eurotelevízia  |g Roč. 16, č. 12 (2006), s. 6-8  |x 0139-7451 
852 |a SNK  |b KIS3GCP 
958 |a BX 
999 |c 2568430  |d 2570360